Biostatistics
| Main Author: | Prabhakara, G N |
|---|---|
| Other Authors: | Rajalakshmi, D |
| Published: |
New Delhi, Jaypee Brothers,
2006.
|
| Subjects: |
| LEADER | 00597cam a2200193 7i4500 | ||
|---|---|---|---|
| 001 | 0000014752 | ||
| 005 | 20221017090000.0 | ||
| 020 | |a 8180616592 | ||
| 090 | 0 | 0 | |a RA409 |b .P73 2006 |
| 100 | 1 | |a Prabhakara, G N | |
| 245 | 1 | 0 | |a Biostatistics |c G N Prabhakara ; foreword D Rajalakshmi. |
| 260 | |a New Delhi, Jaypee Brothers, |c 2006. | ||
| 300 | |a xxiv, 332 p.: |b ill.; |c 25 cm. | ||
| 500 | |a Includes index | ||
| 650 | 0 | 0 | |a Biometry |
| 700 | 1 | |a Rajalakshmi, D | |
| 997 | |a Health Sciences, Faculty | ||
| 998 | |a Medical Laboratory Technology, Diploma | ||
| 999 | |a 0000018363 |b BOK |c OPEN SHELF |e 1st Floor, Shah Alam | ||


